00488nam a2200193 a 4500001001300000003000900013005001700022008004100039020001000080082001600090100001600106245003700122260003700159300000900196500003500205505001700240650002100257700001600278nice12345678IN_TiNIC20260116011520.0050524s1891 lona grp 000 0 eng  ac10000a939.73bCHU aChurch, A J aCarthage Or the Empire of Africa aLondonbG.P. Putnam`s Sonsc1891 a309p aincludes index and biblioraphy2 aIndex, Illus aCarthage-History1 aChurch, A J